000 00771nam a2200229Ia 4500
003 GCL
008 140319s9999 xx 000 0 ara d
020 _a6916086977
040 _aGCL /
_cGCL
082 0 4 _a302.2
_bا ا
100 1 _aاميرة على محمد
245 1 0 _aالاتصال التربوى /
_cاميرة على محمد
250 _aالاولى
260 _aالقاهرة :
_bالدار العالمية للنشر والتوزيع ،
_c2006
300 _a180 ص ؛
_c24 سم
650 0 4 _aالاجتماع التربوى - علم
650 0 4 _aالتطور الاجتماعى
650 0 4 _aالتكيف الاجتماعى
650 0 4 _aالتفاعل الاجتماعى
650 0 4 _aالمجتمعات المفتوحة
942 _2ddc
_cBK
999 _c8040
_d8040